000 00198 a2200097 4500
001 8391
090 _c6761
_d6761
100 _aCecil, L D
245 _aModern Biography (Transfered to SOA)
260 _bNelson
942 _aNUST-CAE
999 _c243464
_d243464